Consultants' fees on construction projects (Record no. 70142)

MARC details
000 -LEADER
fixed length control field 00873cam a2200217 4500
001 - CONTROL NUMBER
control field ABS65325
008 - FIXED-LENGTH DATA ELEMENTS--GENERAL INFORMATION
fixed length control field 020501n2002 000 0 eng u
035 ## - SYSTEM CONTROL NUMBER
System control number (Sirsi) u117792
100 ## - MAIN ENTRY--PERSONAL NAME
Personal name Harvey, N
245 ## - TITLE STATEMENT
Title Consultants' fees on construction projects
260 ## - PUBLICATION, DISTRIBUTION, ETC.
Date of publication, distribution, etc. 2002
490 ## - SERIES STATEMENT
Series statement CSM
-- Chartered Surveyor Monthly
Volume/sequential designation April 2002, 24-25(2)
520 ## - SUMMARY, ETC.
Summary, etc. Discusses recent BCIS research on predicting level of consultants' fees at an early stage, and offers advice on estimating fee levels for particular projects. BCIS research results are published in "Review of consultants' fees on construction projects", available from BCIS t +44 (0)20 7695 1500. Tables. Graphs. Worked examples.
590 ## - LOCAL NOTE (RLIN)
Local note ABS
650 ## - SUBJECT ADDED ENTRY--TOPICAL TERM
Topical term or geographic name entry element BCIS
650 ## - SUBJECT ADDED ENTRY--TOPICAL TERM
Topical term or geographic name entry element CONSULTANTS FEES
650 ## - SUBJECT ADDED ENTRY--TOPICAL TERM
Topical term or geographic name entry element FEES
650 ## - SUBJECT ADDED ENTRY--TOPICAL TERM
Topical term or geographic name entry element CONSTRUCTION PROJECTS
690 ## - LOCAL SUBJECT ADDED ENTRY--TOPICAL TERM (OCLC, RLIN)
Topical term or geographic name as entry element Block management
9 (RLIN) 6220
942 ## - ADDED ENTRY ELEMENTS (KOHA)
Suppress in OPAC 0
Holdings
Withdrawn status Lost status Source of classification or shelving scheme Damaged status Not for loan Home library Current library Shelving location Date acquired Total Checkouts Full call number Barcode Date last seen Copy number Price effective from Koha item type
    Dewey Decimal Classification     London London Journal article 01/05/2002   ABS65325 117792-1001 06/08/2019 1 06/08/2019 Journal article